| 000 | 01190nam a22004217a 4500 | ||
|---|---|---|---|
| 001 | BR2020000010 | ||
| 003 | BR-BrBNA | ||
| 005 | 20230928105456.0 | ||
| 007 | ta | ||
| 008 | 230509b bl.||||| |||| 00| 0 por d | ||
| 040 |
_aBR-BrBNA _bpor _cBiblioteca Nacional de Agricultura |
||
| 041 | _a(Por) | ||
| 072 | _aC10 | ||
| 090 | _ C10 BR2020000010 | ||
| 100 | 1 | _aInocente, D.F. | |
| 100 | 1 | _aScorsolini-Comin, F | |
| 100 | 1 | _aSilva, M.L.N. | |
| 100 | 1 | _aMarques, J.J.G.S.M. | |
| 100 | 1 | _aLima, J.M. de | |
| 100 | 1 | _aCuri, N. | |
| 100 | 1 | _aChalfun Junior, A. | |
| 100 | 1 | _aAlves, J.D. | |
| 100 | 1 | _aBarduche, D. | |
| 100 | 1 | _aMagalhães, M.M. | |
| 100 | 1 | _aFerreira, E. | |
| 110 | 1 |
_aInstituto de Ensino e Pesquisa em Administração, Ribeirão Preto, SP (Brasil) _96039 |
|
| 245 | 1 |
_aCurso de Aperfeiçoamento em Agronegócio _bApostila 1 |
|
| 260 | 3 |
_aRibeirão Preto, SP (Brasil): _c2009. |
|
| 300 | _a252 p. | ||
| 650 | _aMANEJO DE SOLO | ||
| 650 | _aSENSORIAMENTO REMOTO | ||
| 650 | _aBIOTECNOLOGIA | ||
| 650 | _aCLASSIFICAÇÃO DE SOLO | ||
| 650 | _aEROSÃO DE SOLO | ||
| 650 | _aAGRONEGÓCIO | ||
| 909 |
_a202309 _bLucia _c55 _dLucia Elande |
||
| 942 | _cBK | ||
| 999 |
_c85304 _d85304 |
||